Music Quiz

Random Music or Album Quiz

Click the Self-Titled Albums Quiz Stats

 Plays Quiz Updated Aug 21, 2018

Score 0/24 Timer 05:00
0 Plays Today
% Correct
KISS
95.5%
Taylor Swift
94.3%
Mariah Carey
94.1%
Queen II
92.5%
Backstreet Boys
90.9%
Elton John
87.3%
Ramones
86.3%
The Beatles
78.9%
The Doors
78%
Neil Young
75%
Bananarama
74.6%
Village People
72.2%
% Correct
Paramore
70.1%
Duran Duran
65.9%
Metallica
65.6%
The Cars
58%
Creedence
Clearwater
Revival
51.7%
The
Stone
Roses
45.4%
Jefferson Airplane
45.1%
Scissor Sisters
43.2%
Vampire
Weekend
43%
Pearl Jam
41.5%
S
a
n
t
a
n
a
41.1%
Yes
39.7%

You're not logged in!

Compare scores with friends on all Sporcle quizzes.
OR
Log In

Sporcle TV

Today on Sporcle TV


Watch our educational content, quiz creation guides, and fun videos on Sporcle TV.

Show Comments

Extras

Top Quizzes Today


Score Distribution

Your Account Isn't Verified!

In order to create a playlist on Sporcle, you need to verify the email address you used during registration. Go to your Sporcle Settings to finish the process.

Report this User

Report this user for behavior that violates our Community Guidelines.

Details: